|
|
|
|
| LEADER |
00951ncm a22002412a 4500 |
| 001 |
001121627 |
| 003 |
CZ BrMZK |
| 005 |
20101013153341.0 |
| 007 |
qu |
| 008 |
101013s1925 au |||||||||||||||||zxx d |
| 040 |
|
|
|a BOA001
|b cze
|
| 072 |
|
7 |
|a 785
|x Instrumentální hudba. Symfonická hudba. Hudba pro více nástrojů
|2 Konspekt
|9 9
|
| 100 |
1 |
|
|a Malipiero, Gian Francesco,
|d 1882-1973
|7 xx0055972
|4 cmp
|
| 245 |
1 |
0 |
|a Impressioni dal Vero
|h [hudebnina] :
|b (1922) : 3a parte
|c G.F. Malipiero
|
| 260 |
|
|
|a Wien :
|b Wiener Philharmonischer Verlag,
|c 1925
|
| 300 |
|
|
|a 1 partitura (44 s.)
|
| 490 |
1 |
|
|a Philharmonia Partituren-Scores-Partitions ;
|v No. 290
|
| 505 |
0 |
0 |
|t Festa in val d'inferno --
|t Galli --
|t Tarantella a Capri
|
| 830 |
|
0 |
|a Philharmonia Partituren-Scores-Partitions
|
| 910 |
|
|
|a BOA001
|b Mus1-0162.493,290
|
| 990 |
|
|
|a MU
|
| 991 |
|
|
|b 201010
|
| 996 |
6 |
|
|b 2619336322
|c Mus1-0162.493,290
|l MZK
|r Sklad / do 1 hodiny
|n 0
|w 001149850
|u 000010
|a 1
|e BOA001
|j MZK50
|s P
|